কন্টেস্ট / (Record no. 11979)
[ view plain ]
| 000 -LEADER | |
|---|---|
| fixed length control field | 00806nam a2200241 a 4500 |
| 001 - CONTROL NUMBER | |
| JCCL Control Number | 11979 |
| 003 - CONTROL NUMBER IDENTIFIER | |
| JCCL marc code | BD-JhCC |
| 005 - DATE AND TIME OF LATEST TRANSACTION | |
| control field | 20221115134023.0 |
| 008 - FIXED-LENGTH DATA ELEMENTS--GENERAL INFORMATION | |
| fixed length control field | 210301b2018 bg |||| ||a| 000 0 ben d |
| 020 ## - INTERNATIONAL STANDARD BOOK NUMBER | |
| International Standard Book Number | 9789849244054 |
| 035 ## - SYSTEM CONTROL NUMBER | |
| system control number | (BD-JhCC)11979 |
| 040 ## - CATALOGING SOURCE | |
| Original cataloging agency | BD-JhCC |
| Modifying agency | BD-JhCC |
| 041 ## - LANGUAGE CODE | |
| Language code of Book | bengali |
| 082 ## - DEWEY DECIMAL CLASSIFICATION NUMBER | |
| Classification number | 823.914 |
| Author mark and Year | REI 2018 |
| 100 ## - MAIN ENTRY--PERSONAL NAME | |
| Personal name | রাইলী,ম্যাথিউ |
| 245 ## - TITLE STATEMENT | |
| Title | কন্টেস্ট / |
| Statement of responsibility, etc | ম্যাথিউ রাইলী, অনুঃ ফারজানা তাসনিম । |
| 260 ## - PUBLICATION, DISTRIBUTION, ETC. (IMPRINT) | |
| Place of publication, distribution, etc | ঢাকা: |
| Name of publisher, distributor, etc | আদি; |
| Date of publication, distribution, etc | ২০১৮. |
| 300 ## - PHYSICAL DESCRIPTION | |
| Pagination | 254 p. : |
| Dimensions | 21 cm. |
| 651 ## - SUBJECT ADDED ENTRY--GEOGRAPHIC NAME | |
| Geographic name | Library buildings |
| General subdivision | Contests |
| Chronological subdivision | Fathers and daughters |
| Geographic subdivision | Suspense fiction |
| 700 ## - ADDED ENTRY--PERSONAL NAME | |
| Personal name | তাসনিম ,ফারজানা |
| 942 ## - ADDED ENTRY ELEMENTS (KOHA) | |
| Source of classification or shelving scheme | Dewey Decimal Classification |
| Koha item type | Books |
| Koha issues (borrowed), all copies | 7 |
| Source of classification or shelving scheme | Damaged status | Not for loan | Home library | Current library | Shelving location | Date of accession | Source of acquisition | Cost, normal purchase price | Total Checkouts | Full call number | Barcode | Date last seen | Date checked out | Copy number | Koha item type |
|---|---|---|---|---|---|---|---|---|---|---|---|---|---|---|---|
| Dewey Decimal Classification | JCC Rouf Library | JCC Rouf Library | General Stacks | 03/01/2021 | Lt. Gen. Mahfuzur Rahman (10th intake) | 263.00 | 20 | 823.914 REI 2018 | 16467 | 02/08/2026 | 01/21/2026 | C-1 | Books |